000
00275nam a22001097a 4500
040
_c
Nust
082
_a
351.1
_b
RULE
245
_a
Rules of business 1973
260
_a
Lahore:
_b
Pakistan service law Publication,
650
_a
Rules of business 1973
_9
127256
942
_2
ddc
_c
BK
999
_c
612453
_d
612453